Statistics for Hockey Analogies

Click here to take the quiz!

General Stats

  • This quiz has been taken 271 times
    (132 since last reset)
  • The average score is 6 of 18

Answer Stats

HintAnswer% Correct
Anaheim is to Ducks as Calgary is to _____Flames
99%
Richard is to 9 as Ovechkin is to _____8
68%
Coach is to assisstant coach as Captain is to _____Alternate
63%
Carolina is to 05-06 as Anaheim is to ______06-07
53%
Crosby is to "The Kid" as _____ is to "Captain Serious"Toews
53%
Tomers is to oldest captain ever as _____ is to youngest everMcDavid
52%
Winnipeg is to Phoenix as Hartford is to _____Carolina
51%
Hasek is to Czech Republic as Zuccarello is to ______Norway
36%
Bruce is to Brent as Daniel is to _____Henrik
29%
Lidstrom is to one team as Sillinger is to _____12
21%
Gretzky is to points as _____ is to PIMWilliams
20%
Detroit is to Hockeytown as Minnesota is to _____State of Hockey
19%
Bertuzzi is to Moore as McSorley is to _____Brashear
15%
TD Garden is to Boston as _____ is to St. LouisScottrade Center
13%
Kane is to Leighton as Lemaire is to _____Cheevers
3%
Orr is to Hull as Henderson is to _____Eruzione
2%
Howe is to oldest as _____ is to youngestGuidolin
2%
Brodeur is to wins as _____ is to GAAConnell
1%

Score Distribution

Percentile by Number Answered

Percent of People with Each Score

Your Score History

You have not taken this quiz since the last reset